La esquiva felicidad.

Saved in:
Bibliografiske detaljer
Hovedforfatter: Parera, Modesto (autor)
Format: Bog
Sprog:engelsk
Udgivet: Temuco, Chile: Sociedad de Escritores de Valparaíso, 1991.
Fag:
Tags: Tilføj Tag
Ingen Tags, Vær først til at tagge denne postø!

MARC

LEADER 00000nam a22000007a 4500
003 CL-VaPUC
005 20241127090311.0
008 241121t1991 ||||| |||| 00| 0 eng d
999 |c 445879  |d 445877 
040 |c Pontificia Universidad Católica de Valparaíso 
082 |2 22  |a Ch863.4 PAR 1991 
100 |9 597665  |a Parera, Modesto  |e autor 
245 |a La esquiva felicidad. 
260 |a Temuco, Chile:  |b Sociedad de Escritores de Valparaíso,  |c 1991. 
300 |a 219 páginas. 
500 |a c.1: Donación. Memo EDU. 4-11-2024. 
583 |c 20241121  |k Yessy Sthefany Diaz Vidal 
650 0 |9 265425  |a Novelas chilenas   |x Búsqueda de la felicidad  |y Siglo 20 
942 |2 ddc  |c BK 
952 |0 0  |1 0  |2 ddc  |4 0  |6 CH_863_400000000000000_PAR_1991  |7 0  |8 A  |9 598197  |a BIBEDU  |b BIBEDU  |d 2024-11-21  |e Donación  |i 5663331  |o Ch863.4 PAR 1991  |p 5663331  |r 2024-11-21  |t 1  |w 2024-11-21  |y BK  |k EDU